| 000 | 00641nam a2200229Ia 4500 | ||
|---|---|---|---|
| 001 | 1767 | ||
| 003 | GE_BSU | ||
| 008 | 181216s||||||||xx |||||||||||||| ||und|| | ||
| 020 | _a9994040324 | ||
| 040 | _cGE_BSU | ||
| 080 | _a547(075.8) | ||
| 100 | _aღონღაძე, ნ.და სხვ. | ||
| 245 | _aორგანული სინთეზი.ნ.1 | ||
| 245 | _bსახელმძღვანელო | ||
| 260 | _aთბილისი | ||
| 260 | _bსტუ | ||
| 260 | _c2005 | ||
| 300 | _a110 გვ. 19 სმ. | ||
| 541 | _h4 ლ. | ||
| 653 | _aორგანული სინთეზი | ||
| 942 | _cBK | ||
| 999 |
_c35876 _d35876 |
||